Sports Quiz

Random Sports or Baseball Quiz
Score 0/12 Timer 04:00
5 Plays Today
% Correct
Bicycle Kick
97.6%
Referee
97.1%
Archery
97%
Balance Beam
96.9%
Interception
95.7%
Martial Arts
95.6%
Speedway, Indiana
95.4%
Stolen Base
95.2%
Parkour
94.5%
Scrum (rugby)
92.9%
Cricket Bat
92.9%
Crampons
88%
Remove Ads.
Support Sporcle.
Get the best of Sporcle when you Go Orange. This ad-free experience offers more features, more stats, and more fun while also helping to support Sporcle. Thank you for becoming a member.

You're not logged in!

Compare scores with friends on all Sporcle quizzes.
OR
Log In

Show Comments

Extras

Top Quizzes Today


Score Distribution

Your Account Isn't Verified!

In order to create a playlist on Sporcle, you need to verify the email address you used during registration. Go to your Sporcle Settings to finish the process.

Report this User

Report this user for behavior that violates our Community Guidelines.

Details: